LEADER 01386nas a2200373 u 4500 001 000000052948 003 CaOOAMICUS 005 20230322144738.0 008 001030c19909999vc qr p u0 u mul u 032 $aLibriCat 035 $a10859808 040 $aBAV$bita 130 0 $aCulture e fede$g[Spogli].$0(OLS)http://pul/title/71019 245 10$aCulture e fede. 246 33$aCultures et foi 246 33$aCultures and faith 246 33$aCulturas y fe 260 $aCivitas Vaticana :$bPontificium Consilium de Cultura,$c1990- 300 $av. ;$c24 cm 310 $aQuadrimestrale. 321 $aTrimestrale. 362 1 $aVol. 25 fasc. 1- 550 $aOrgano del Pontificio Consiglio per la cultura. 710 2 $aPontificio Consiglio per la cultura.$0(OLS)http://pul/name/37695 780 00$tAteismo e dialogo 850 $aPUL 852 $aPUL$W1$xDP1 Riviste Correnti$y15$m3-75/DP335.C$j69905$nSE-PRI$bV.1 (1993)-$qPeriodici$B69905$CPULBib$Z2$F69905 $82 941 1 $a5 996 $6245$aCulture e fede$9(OLS)http://pul/title/71020 996 $6246$aCultures et foi$9(OLS)http://pul/title/71021 996 $6246$aCultures and faith$9(OLS)http://pul/title/71022 996 $6246$aCulturas y fe$9(OLS)http://pul/title/71023 996 $6260$aCivitas Vaticana :$bPontificium Consilium de Cultura$9(OLS)http://pul/publisher/68440 LEADER 01641nam a2200361 a 4500 001 000000122828 003 CaOOAMICUS 005 20100830162203.0 008 100830t2010 it u000 u ita r 020 $a978-88-598-0548-9 040 $aPUL$bita$dReb 082 04$a347.45 110 1 $aItalia.$0(OLS)http://pul/name/1188 245 10$aCodice di procedura civile commentato /$ca cura di L. P. Comoglio, R. Vaccarella ; con la collaborazione di M. C. Giorgetti, G. Finocchiaro, A. Scala. 250 $a3. ed. 260 $aTorino :$bUTET Giuridica,$cİ2010. 300 $ali, 3766 p. ;$c22 cm. +$e1 CD ROM 490 1 $aI codici ipertestuali 500 $aTesto su due colonne. 650 4$aProcedura civile$zItalia.$0(OLS)http://pul/subject/14566 700 1 $aVaccarella, Romano,$d1942-$0(OLS)http://pul/name/32628 700 1 $aComoglio, Luigi Paolo.$0(OLS)http://pul/name/35301 700 1 $aGiorgetti, Mariacarla.$0(OLS)http://pul/name/77170 700 1 $aScala, A.$0(OLS)http://pul/name/77171 700 1 $aFinocchiaro, Giuseppe,$d1970-$0(OLS)http://pul/name/72188 830 2$aI codici ipertestuali.$0(OLS)http://pul/title/105453 850 $aPUL 852 $aPUL$W1$xSL Diritto e Scienze Sociali 3$y79$m348. 45 COD 4.1.15$j141068$qDDC 21$B140152$CPULBib$Z2$F140152 $H114550 $82 941 1 $a9 996 $6020$a978-88-598-0548-9$9(OLS)http://pul/number/145247 996 $6082$a347.45$9(OLS)http://pul/classification/384 996 $6245$aCodice di procedura civile commentato$9(OLS)http://pul/title/86730 996 $6260$aTorino :$bUTET Giuridica$9(OLS)http://pul/publisher/79191